Legal update (Record no. 113470)

MARC details
000 -LEADER
fixed length control field 01142cad a22002175a 4500
001 - CONTROL NUMBER
control field L155307
008 - FIXED-LENGTH DATA ELEMENTS--GENERAL INFORMATION
fixed length control field 120315s2012 xxkqr p 0 a0eng u
035 ## - SYSTEM CONTROL NUMBER
System control number (Sirsi) u155307
041 0# - LANGUAGE CODE
Language code of text/sound track or separate title eng
110 2# - MAIN ENTRY--CORPORATE NAME
Corporate name or jurisdiction name as entry element CMS Cameron McKenna
9 (RLIN) 5874
245 00 - TITLE STATEMENT
Title Legal update
Remainder of title real estate and construction
Medium [electronic resource]
260 ## - PUBLICATION, DISTRIBUTION, ETC.
Place of publication, distribution, etc. London
Name of publisher, distributor, etc. CMS Cameron McKenna LLP
Date of publication, distribution, etc. 2012
490 #0 - SERIES STATEMENT
Series statement Winter 2011/2012
505 2# - FORMATTED CONTENTS NOTE
Formatted contents note Concurrent delay: City Inn not law in England, but what is? -- Shedding light on rights of light -- Spendthrift v Pennypincher? Defects and Mitigation -- On demand bonds : Some comfort for contractors? -- Do liquidated damages continue to apply after termination of a contract? -- Exclusions in standard forms for consequential and indirect loss -- Concurrent duties of care for pure economic loss: The final word ?
520 ## - SUMMARY, ETC.
Summary, etc. A legal update from the law firm CMS Cameron McKenna LLP.
590 ## - LOCAL NOTE (RLIN)
Local note KA NTK
651 #4 - SUBJECT ADDED ENTRY--GEOGRAPHIC NAME
Geographic name England and Wales
Chronological subdivision 1543-
690 ## - LOCAL SUBJECT ADDED ENTRY--TOPICAL TERM (OCLC, RLIN)
Topical term or geographic name as entry element Contracts
9 (RLIN) 6232
856 40 - ELECTRONIC LOCATION AND ACCESS
Uniform Resource Identifier <a href="https://www.law-now.com/cmck/pdfs/nonsecured/Update.pdf">https://www.law-now.com/cmck/pdfs/nonsecured/Update.pdf</a>
Public note View the legal update free of charge at www.law-now.com
942 ## - ADDED ENTRY ELEMENTS (KOHA)
Suppress in OPAC 0
Holdings
Withdrawn status Lost status Source of classification or shelving scheme Damaged status Not for loan Home library Current library Shelving location Date acquired Total Checkouts Full call number Barcode Date last seen Copy number Price effective from Koha item type
    Dewey Decimal Classification     Virtual Virtual Online 15/03/2012   ONLINE PUBLICATION 155307-2001 06/08/2019 1 06/08/2019 Book